Online Catalogue and eLibrary

Oru snekithikkaha (Record no. 4040)

MARC details
000 -LEADER
fixed length control field 00338nam a2200145Ia 4500
005 - DATE AND TIME OF LATEST TRANSACTION
control field 20250324132554.0
008 - FIXED-LENGTH DATA ELEMENTS--GENERAL INFORMATION
fixed length control field 240331s9999 xx 000 0 und d
082 ## - DDC Classification
Item Number - Author Mark KUL
Class No. 894
100 ## - MAIN ENTRY--PERSONAL NAME
Personal name Kulasekar, D
245 #0 - TITLE STATEMENT
Title Oru snekithikkaha
260 ## - PUBLICATION, DISTRIBUTION, ETC.
Place of publication, distribution, etc. Shivagangai
Name of publisher, distributor, etc. Akaram
Date of publication, distribution, etc. 1990
300 ## - PHYSICAL DESCRIPTION
Extent (e.g. Volumes, Pages etc.) 134 p .,
650 ## - SUBJECT ADDED ENTRY--TOPICAL TERM
Topical term or geographic name entry element Short Stories
942 ## - Koha item type (Biblio)
Koha item type Books in Stacks (Lending)
Holdings
Lost status Damaged status Collection code Home library Current library Shelving location Date acquired Full call number Accession Number Item type
    Lending WERC Library WERC Library Social Science Cupboard 03/31/2024 894.811 KUL 2045 Books in Stacks (Lending)

© WERC Library